000 00816cam a2200265 a 4500
001 000018772
005 20200929165845.0
008 830926s1966 sp 000 f spa d
020 _a8423311791
035 _a(DLC) 83101519
040 _aDO-SdBNP
_cDLC
_dDLC
_dBNPHU
082 _a863.64
_bM379f, 1966
100 1 _aMartín Descalzo, José Luis,
_d1930-1991
_925112
245 1 3 _aLa frontera de Dios /
_cJosé Luis Martín Descalzo.
250 _a12a ed.
260 _aBarcelona :
_bDestino,
_c1966.
300 _a249 p. ;
_c18 cm.
490 1 _aÁncora y delfín
_v135
586 _aPremio Eugenio Nadal, 1956
650 4 _aNovela española
_91123
650 4 _aLiteratura española
_ySIGLO XX
_93326
830 0 _aÁncora y delfín ;
_v135.
_94704
910 _aCatalogación derivada / LC
049 _aBNGR
999 _c18292
_d18292